000 00867nam a2200277 i 4500
001 C2-0327859
003 PPAK
005 20180728125411.0
008 140713s2010 my a|||| ||||| | may d
020 _a9789671021705
040 _aPPAK
_beng
_cPPAK
_erda
082 0 4 _a613.04244
_223
090 0 0 _a613.04244
_bNOO
_dG
090 0 0 _a613.04244
_bNOO
_dR
100 0 _aNoor Zaman Khan,
_cDr.
_eauthor
245 1 0 _aWanita & hormon
264 1 _a[Johor Bahru, Johor] :
_bPama Medical Cosmetology Beauty Skin Care ,
_c2010
300 _a198 pages :
_bcolour illustrations ;
_c26 cm
336 _2rdacontent
_atext
337 _2rdamedia
_aunmediated
338 _2rdacarrier
_avolume
500 _aOriginal title my queen secret
650 1 0 _aWomen - Health and hygiene. ; Menopause - Hormone theraphy.
700 1 _aJiheng, Edwin,
_eeditor
942 _ddc
_cB
999 _c127387
_d127387